| 000 | 00487nam a2200193Ia 4500 | ||
|---|---|---|---|
| 005 | 20250425162747.0 | ||
| 008 | 250425s9999 xx 000 0 und d | ||
| 041 | _aeng | ||
| 082 | _a660 | ||
| 110 | _aCHEMTEC PROJECT WRITING TEAM | ||
| 245 | 0 | _aMODERN CHEMICAL TECHNOLOGY | |
| 250 | _aREVISED EDITION | ||
| 260 |
_aEstados Unidos _bAMERICAN CHEMICAL SOCIETY _c1973 |
||
| 260 | _aWASHINGTON | ||
| 300 | _a586 | ||
| 650 | _aTECNOLOGIA QUIMICA | ||
| 942 | _c01 | ||
| 010 | _a106315 | ||
| 999 |
_c235886 _d235886 |
||